Detroit Trivia Quiz - Statistics

General Stats
  • This quiz has been taken 73 times
  • The average score is 12 of 21
Answer Stats
Clue Answer % Correct
Detroit's primary nickname Motor City
94%
NFL Team Lions
87%
NBA Team Pistons
87%
MLB Team Tigers
87%
NHL Team Red Wings
85%
Canadian city that lies, in part, South of Detroit Windsor
79%
Famous Record Label by Berry Gordy, Jr Motown
77%
Former Hockey arena was named for this boxer Joe Louis
73%
Nickname for GM, Ford, and Chrysler together The Big Three
66%
Year the Detroit race riots began 1967
56%
Journey song that mentions "South Detroit" Don't Stop Believin'
56%
State University within the city Wayne State University
53%
Local dish with hotdog, beanless chili sauce, onions, mustard Coney Dog
50%
Basically useless light rail system (elevated) People Mover
44%
To the nearest 10%, it has lost this much population since 1950 60%
40%
Founder of Detroit Antoine de la Mothe Cadillac
32%
Large bronze statue with items in each hand Spirit of Detroit
26%
Founder of Quicken Loans and Rock Ventures Dan Gilbert
24%
What the region Southwest of Detroit is called Down River
21%
Jewish organized crime group in 20s and 30s The Purple Gang
21%
Basically useless light rail system (street level) Q-Line
19%
No matching quizzes found
Score Distribution
Percent of People with Each Score
Percentile by Number Answered
Your Score History
You have not taken this quiz